La reina escarabajo /

Detalles Bibliográficos
Autor principal: Leonard, M. G. (Maya Gabrielle) (Autor)
Otros Autores: Mountford, Karl James (Ilustrador), Verjovsky Paul, Sonia (Traductor)
Formato: Electrónico eBook
Lenguaje:español
inglés
Publicado: Ciudad de México : Océano, [2017]
Edición:Primera edición en libro electrónico.
Materias:
Acceso en línea:Digitalia Hispánica

MARC

LEADER 00000nam a2200000Ii 4500
001 DIGOCEANO0038
003 NyNyDIG
006 m o d
007 cr |||||||||||
008 240404s2017 mx o 000 f spa d
035 |a (OCoLC)1430189852 
040 |a DGITA  |b eng  |e rda  |e pn  |c DGITA 
020 |a 9786075274140  |q eBook 
020 |z 9786075271392 
041 1 |a spa  |h eng 
050 1 4 |a PR6112.E638 ebook 
100 1 |a Leonard, M. G.  |q (Maya Gabrielle),  |e author. 
240 1 0 |a Beetle Queen.  |l Spanish  |s (Verjovsky Paul) 
245 1 3 |a La reina escarabajo /  |c M.G. Leonard ; ilustraciones de interiores de Karl James Mountford ; traducción de Sonia Verjovsky Paul. 
250 |a Primera edición en libro electrónico. 
264 1 |a Ciudad de México :  |b Océano,  |c [2017] 
300 |a 1 online resource. 
336 |a text  |b txt  |2 rdacontent 
337 |a computer  |b c  |2 rdamedia 
338 |a online resource  |b cr  |2 rdacarrier 
347 |a text file  |2 rdaft 
347 |b EPUB 
588 0 |a Online resource; title from ePub title page (Digitalia, viewed April 4, 2024) 
650 0 |a Beetles  |v Fiction. 
655 7 |a Fiction.  |2 lcgft 
700 1 |a Mountford, Karl James,  |e illustrator. 
700 1 |a Verjovsky Paul, Sonia,  |e translator. 
700 1 |i Translation of:  |a Leonard, M. G.  |q (Maya Gabrielle).  |t Beetle Queen. 
791 2 |a Digitalia (Firm),  |e distributor. 
793 0 |g Digitalia eBook Collection:  |a Editorial Océano 
776 0 8 |i Print version:  |a Leonard, M. G. (Maya Gabrielle).  |s Beetle Queen. Spanish (Verjovsky Paul).  |t Reina escarabajo.  |d Ciudad de México : Océano, [2017]  |z 9786075271392 
856 4 0 |3 Digitalia Hispánica  |u https://www.digitaliapublishing.com/a/96867/ 
910 |a Premium collection: 2024